La empresa y los factores que influyen en su funcionamiento

Uloženo v:
Podrobná bibliografie
Korporace: Oficina Internacional del Trabajo (Autor), OIT (Autor)
Médium: Kniha
Jazyk:španělština
Vydáno: Ginebra Oficina Internacional del Trabajo 1966
Edice:La empresa y su dirección
Témata:
Tagy: Přidat tag
Žádné tagy, Buďte první, kdo vytvoří štítek k tomuto záznamu!

MARC

LEADER 00000nam a2200000 a 4500
001 UCR8602
003 CL-VaPUC
008 980529e19660000SZ |||||||||||||||||spa|d
082 0 4 |a 658.02  |b OFI  |2 21 
110 2 |a Oficina Internacional del Trabajo  |e author  |9 410566 
710 2 |a OIT  |e author  |9 410567 
245 1 3 |a La empresa y los factores que influyen en su funcionamiento 
300 |a 233 p 
942 |c BK 
945 |d 19980529 00:00:00  |a crobeson 
260 |a Ginebra  |b Oficina Internacional del Trabajo  |c 1966 
650 0 |a Empresas   |9 255569 
650 7 |a ORGANIZACIONES EMPRESARIALES  |2 CL-VaPUC  |9 359225 
650 0 |a Economía   |9 255568 
650 7 |a PERSONAL  |2 CL-VaPUC  |9 343747 
650 7 |a MANO DE OBRA  |2 CL-VaPUC  |9 315053 
583 |a last modification  |c 19980529 00:00:00  |k Rodrigo Vera 
490 0 |a La empresa y su dirección 
999 |c 270000  |d 269998 
952 |0 0  |1 0  |4 0  |6 658_020000000000000_OFI_1966  |7 0  |8 A  |9 304097  |a BIBGIM  |b BIBGIM  |d 2019-11-20  |i 1403303  |o 658.02 OFI 1966  |p 1403303  |r 2025-01-15  |w 2019-11-20  |y BK  |k SSL